书目信息 |
| 题名: |
离散数学题解
|
|
| 作者: | 屈婉玲 编 | |
| 分册: | ||
| 出版信息: | 北京 清华大学出版社 1999.09 |
|
| 页数: | 180页 | |
| 开本: | 16开 | |
| 丛书名: | ||
| 单 册: | ||
| 中图分类: | O158-44 | |
| 科图分类: | ||
| 主题词: | 代数 , 数论 , 组合数学 | |
| 电子资源: | ||
| ISBN: | 7-302-03398-6 | |
| 000 | 00585nam0 2200217 45 | |
| 001 | 0006261676 | |
| 005 | 20000626164005.9 | |
| 010 | @a7-302-03398-6@d13.00元 | |
| 100 | @a20000626d1999 km y0chiy0120 ea | |
| 101 | 0 | @achi |
| 105 | @a z 000yy | |
| 200 | 1 | @a离散数学题解@ALi San Shu Xue Ti Jie@f屈婉玲等编@FQu Wan Ling Deng Bian |
| 210 | @a北京@c清华大学出版社@d1999.09 | |
| 215 | @a180页@d16开 | |
| 606 | 0 | @a代数 |
| 606 | 0 | @a数论 |
| 606 | 0 | @a组合数学 |
| 690 | @aO158-44@v3 | |
| 701 | 0 | @a屈婉玲@4编 |
| 801 | @aCN@bPftUser@c20000626 | |
| 905 | @b60180-189@dO158-44@eQ463@f10 | |
| 离散数学题解/屈婉玲等编.-北京:清华大学出版社,1999.09 |
| 180页;16开 |
| ISBN 7-302-03398-6:13.00元 |
| ● |
| 相关链接 |
|
|
|
正题名:离散数学题解
索取号:O158-44/Q463
 
预约/预借
| 序号 | 登录号 | 条形码 | 馆藏地/架位号 | 状态 | 备注 |
| 1 | 60180 | 200601802 | 自科二线504/504自科库 48排1列1层/ [索取号:O158-44/Q463] | 在馆 | |
| 2 | 60181 | 200601811 | 自科二线504/504自科库 48排1列1层/ [索取号:O158-44/Q463] | 在馆 | |
| 3 | 60182 | 200601820 | 自科二线504/504自科库 48排1列1层/ [索取号:O158-44/Q463] | 在馆 | |
| 4 | 60183 | 200601839 | 自科二线504/504自科库 48排1列1层/ [索取号:O158-44/Q463] | 在馆 | |
| 5 | 60184 | 200601848 | 自科二线504/504自科库 48排1列1层/ [索取号:O158-44/Q463] | 在馆 | |
| 6 | 60185 | 200601857 | 自科二线504/504自科库 48排1列1层/ [索取号:O158-44/Q463] | 在馆 | |
| 7 | 60186 | 200601866 | 自科二线504/504自科库 48排1列1层/ [索取号:O158-44/Q463] | 在馆 | |
| 8 | 60187 | 200601875 | 自科二线504/504自科库 48排1列1层/ [索取号:O158-44/Q463] | 在馆 | |
| 9 | 60188 | 200601884 | 自科二线504/504自科库 48排1列1层/ [索取号:O158-44/Q463] | 在馆 | |
| 10 | 60189 | 200601893 | 自科二线504/504自科库 48排1列1层/ [索取号:O158-44/Q463] | 在馆 |